000
00306nam a22001097a 4500
008
230731b xxu||||| |||| 00| 0 eng d
082
_a
354.6
_b
PSC 1977
245
_a
Report on the Working of the Public Service Commission of Kenya for the Year 1977
260
_b
GOK
_c
1977
300
_a
11p
942
_2
ddc
_c
BK
999
_c
4020
_d
4020